000 00670nam a22001577a 4500
003 OSt
005 20150912164016.0
008 150912b xxu||||| |||| 00| 0 eng d
040 _cRUA
082 _aAGR KER 1996 BOO17 Or.1
100 _9352
_aKER MONTHIVUTH
245 _aThe use of pesticides of farmers on vegetable crops in areas arond thnom phen, (ការប្រើប្រាស់ថ្នាំពុលកសិកម្ម របស់កសិករលើដំណាំ បន្លែ នៅតំបន់ជំវិញរាជធានីភ្នំពេញ).
260 _aphnom phen
_bRUA
_c1996
300 _a105P.
_bILL.
_c29CM.
942 _2ddc
_cAGR
999 _c334
_d334